000
nam a22 7a 4500
999
_c
47970
_d
47970
003
OSt
005
20190624153740.0
008
190624b xxu||||| |||| 00| 0 eng d
040
_c
SEROSOFT
245
_a
Dr AIJAZ A SHEIKH
260
_a
PEE VEE BOOKS
_c
24\6\2019
300
_a
100
942
_2
ddc
_c
01